Lenguaje y comunicación: 4

Guardat en:
Dades bibliogràfiques
Autors principals: Alarcón, Claudio (Autor), Arellano, Teresita (Autor), García-Huidobro, Beatriz (Autor), Poblete, Gloria (Autor)
Format: Llibre
Idioma:espanyol
Publicat: Santiago Arrayán 1998
Matèries:
Etiquetes: Afegir etiqueta
Sense etiquetes, Sigues el primer a etiquetar aquest registre!

MARC

LEADER 00000nam a2200000 a 4500
001 UCQ4665
003 CL-VaPUC
008 980910e19980000CL |||||||||||||||||spa|d
082 0 4 |a 372.41  |b ALA  |2 21 
100 0 |a Alarcón, Claudio  |e author  |9 418848 
700 0 |a Arellano, Teresita  |e author  |9 418849 
700 |a García-Huidobro, Beatriz  |e author  |9 568918 
700 0 |a Poblete, Gloria  |e author  |9 418851 
245 1 0 |a Lenguaje y comunicación: 4 
300 |a 213 p 
942 |c BK 
945 |d 19980910 00:00:00  |a mvenant 
260 |a Santiago  |b Arrayán  |c 1998 
650 0 |a Lectura  |9 307634 
650 0 |a Escritura  |9 264941 
650 0 |a Lenguaje y comunicación  |9 395921 
650 0 |a Libros de texto  |9 270019 
583 |a last modification  |c 19980910 00:00:00  |k Rodrigo Vera 
999 |c 274981  |d 274979 
952 |0 0  |1 0  |4 0  |6 372_410000000000000_ALA_1998  |7 0  |8 P  |9 311429  |a BIBEDU  |b BIBEDU  |c BIBEDU_PB  |d 2019-11-20  |i 3460657  |o 372.41 ALA 1998  |p 3460657  |r 2024-01-25  |w 2019-11-20  |y BK  |k EDU 
952 |0 0  |1 0  |4 0  |6 372_410000000000000_ALA_1998  |7 0  |8 P  |9 311430  |a BIBEDU  |b BIBEDU  |c BIBEDU_PB  |d 2019-11-20  |i 3460665  |o 372.41 ALA 1998  |p 3460665  |r 2024-01-25  |w 2019-11-20  |y BK  |k EDU 
952 |0 0  |1 0  |4 0  |6 372_410000000000000_ALA_1998  |7 0  |8 P  |9 311431  |a BIBEDU  |b BIBEDU  |c BIBEDU_PB  |d 2019-11-20  |i 3550036  |o 372.41 ALA 1998  |p 3550036  |r 2024-01-25  |w 2019-11-20  |y BK  |k EDU 
952 |0 0  |1 0  |4 0  |6 372_410000000000000_ALA_1998  |7 0  |8 P  |9 311432  |a BIBEDU  |b BIBEDU  |d 2019-11-20  |i 3550044  |o 372.41 ALA 1998  |p 3550044  |r 2019-11-20  |w 2019-11-20  |y BK  |k EDU